Konečnyje avtomaty ekvivalentnost' i povedenije

Na minha lista:
Detalhes bibliográficos
Formato: Livro
Idioma:russo
Publicado em: Moskva Nauka 1984
Tags: Adicionar Tag
Sem tags, seja o primeiro a adicionar uma tag!

MARC

LEADER 00000nam a2200000 4500
001 c113325
005 20041019155155.4
041 0 |a rus 
044 |a RU 
245 1 0 |a Konečnyje avtomaty  |b ekvivalentnost' i povedenije 
264 1 |a Moskva  |b Nauka  |c 1984 
300 |a 192 s.